Verejná podpora mladých vedeckých pracovníkov na Slovensku bakalárska práca

Salvato in:
Dettagli Bibliografici
Autore principale: Halamová, Romana
Ente Autore: Národohospodárska fakulta EU. Katedra verejnej správy a regionálneho rozvoja
Altri autori: Némethová, Valéria, 1987-
Natura: Libro
Lingua:slovacco
Pubblicazione: Bratislava 2023
Tags: Aggiungi Tag
Nessun Tag, puoi essere il primo ad aggiungerne!!

MARC

LEADER 00000nbm a2200000 4500
001 0294584
005 20231206142231.4
041 0 |a slo 
044 |a SK 
245 1 0 |a Verejná podpora mladých vedeckých pracovníkov na Slovensku  |b bakalárska práca  |c Romana Halamová ; školiteľ: Valéria Némethová 
264 1 |a Bratislava  |c 2023 
300 |a 59 s. 
100 1 |a Halamová, Romana 
700 1 |a Némethová, Valéria, 1987- 
710 2 |a Národohospodárska fakulta EU. Katedra verejnej správy a regionálneho rozvoja